<?xml version="1.0" encoding="UTF-8"?>
<record
    xmlns:xsi="http://www.w3.org/2001/XMLSchema-instance"
    xsi:schemaLocation="http://www.loc.gov/MARC21/slim http://www.loc.gov/standards/marcxml/schema/MARC21slim.xsd"
    xmlns="http://www.loc.gov/MARC21/slim">

  <leader>02084nab a2200277uuc4500</leader>
  <controlfield tag="001">1430999</controlfield>
  <controlfield tag="003">OSt</controlfield>
  <controlfield tag="005">20240831091521.0</controlfield>
  <controlfield tag="008">160125e20151005                    eng  </controlfield>
  <datafield tag="035" ind1=" " ind2=" ">
    <subfield code="a">1430999</subfield>
  </datafield>
  <datafield tag="040" ind1=" " ind2=" ">
    <subfield code="c">comduadb</subfield>
  </datafield>
  <datafield tag="041" ind1=" " ind2=" ">
    <subfield code="a">eng</subfield>
  </datafield>
  <datafield tag="100" ind1="1" ind2="0">
    <subfield code="a">Mendieta, Jenny</subfield>
    <subfield code="4">aut</subfield>
    <subfield code="e">aut</subfield>
    <subfield code="9">757380</subfield>
  </datafield>
  <datafield tag="245" ind1="1" ind2="0">
    <subfield code="a">Fostering Reading Comprehension and Self-Directed Learning in a Collaborative Strategic Reading (CSR) Setting</subfield>
  </datafield>
  <datafield tag="520" ind1="3" ind2=" ">
    <subfield code="a">Este proyecto de investigaci&#xF3;n se llev&#xF3; a cabo en cinco instituciones educativas p&#xFA;blicas por un grupo de docentes-investigadores de ingl&#xE9;s que residen en diferentes regiones de Colombia. Debido a una preocupaci&#xF3;n compartida con relaci&#xF3;n al desarrollo de habilidades de lectura y de autorregulaci&#xF3;n en el aula, un estudio (m&#xFA;ltiple) de investigaci&#xF3;n-acci&#xF3;n fue dise&#xF1;ado para examinar si el uso de la lectura estrat&#xE9;gica colaborativa (CSR en ingl&#xE9;s) (Klingner, Vaughn &amp; Schumm, 1998; Klingner &amp; Vaughn, 1998) podr&#xED;a fomentar la comprensi&#xF3;n de lectura en los estudiantes y al mismo tiempo ayudarles a convertirse en aprendices autodirigidos. Cuestionarios y pruebas de lectura realizados antes y despu&#xE9;s de la implementaci&#xF3;n por los estudiantes, el diario de aprendizaje de los estudiantes, y los diarios del profesor constituyeron los m&#xE9;todos de recopilaci&#xF3;n de datos utilizados en el estudio. Los resultados indican que el uso de la lectura estrat&#xE9;gica colaborativa gener&#xF3; un impacto positivo en las actitudes y h&#xE1;bitos de aprendizaje de los estudiantes.</subfield>
  </datafield>
  <datafield tag="650" ind1=" " ind2=" ">
    <subfield code="a">Aprendizaje autodirigido</subfield>
    <subfield code="9">64520</subfield>
  </datafield>
  <datafield tag="650" ind1=" " ind2=" ">
    <subfield code="a">Estrategias de lectura</subfield>
    <subfield code="9">77164</subfield>
  </datafield>
  <datafield tag="650" ind1=" " ind2="7">
    <subfield code="a">Comprensi&#xF3;n de lectura</subfield>
    <subfield code="2">lemb</subfield>
    <subfield code="9">35356</subfield>
  </datafield>
  <datafield tag="650" ind1=" " ind2=" ">
    <subfield code="a">Trabajo colaborativo</subfield>
    <subfield code="9">167129</subfield>
  </datafield>
  <datafield tag="700" ind1="1" ind2="0">
    <subfield code="a">M&#xFA;nera, Libardo</subfield>
    <subfield code="4">aut</subfield>
    <subfield code="e">aut</subfield>
    <subfield code="9">748524</subfield>
  </datafield>
  <datafield tag="700" ind1="1" ind2="0">
    <subfield code="a">Olmos, Tatiana</subfield>
    <subfield code="4">aut</subfield>
    <subfield code="e">aut</subfield>
    <subfield code="9">738194</subfield>
  </datafield>
  <datafield tag="700" ind1="1" ind2="0">
    <subfield code="a">Onatra, Clara</subfield>
    <subfield code="4">aut</subfield>
    <subfield code="e">aut</subfield>
    <subfield code="9">756930</subfield>
  </datafield>
  <datafield tag="700" ind1="1" ind2="0">
    <subfield code="a">Rojas Vanegas, Elizabeth</subfield>
    <subfield code="4">aut</subfield>
    <subfield code="e">aut</subfield>
    <subfield code="9">752980</subfield>
  </datafield>
  <datafield tag="773" ind1="0" ind2=" ">
    <subfield code="t">Ikala : Revista de Lenguaje y Cultura (Medell&#xED;n)</subfield>
    <subfield code="g">Volume 20, Number 01, January-April 2015, pp. 15-42</subfield>
    <subfield code="w">117201</subfield>
    <subfield code="x">0123-3432</subfield>
    <subfield code="0">68279</subfield>
  </datafield>
  <datafield tag="942" ind1=" " ind2=" ">
    <subfield code="c">ARIMP</subfield>
    <subfield code="2">ddc</subfield>
  </datafield>
  <datafield tag="999" ind1=" " ind2=" ">
    <subfield code="c">741108</subfield>
    <subfield code="d">741108</subfield>
  </datafield>
</record>
